LEADER 00754naa a2200205 u 4500 001 000000095076 003 CaOOAMICUS 005 20070226130141.0 008 040525s1966 it u000 u ita u 035 $a10996635 040 $aIAR$bita 100 1 $aPalazzo, Agostino.$0(OLS)http://pul/name/61016 245 10$aSociologia del diritto /$cAgostino Palazzo. 260 $a[Brescia] :$bLa Scuola Editrice,$c[1966] 300 $av. 1, S. 323-352, ;$c25 cm 650 4$aSociologia del diritto.$0(OLS)http://pul/subject/7213 773 0 $aQuestioni di sociologia.$gv. 1. 773 0 $tQuestioni di sociologia$w()6937 996 $6245$aSociologia del diritto$9(OLS)http://pul/title/22796 996 $6260$a[Brescia] :$bLa Scuola Editrice$9(OLS)http://pul/publisher/51506 LEADER 01363nam a2200289 u 4500 001 000000007142 003 CaOOAMICUS 005 20070226104942.0 008 940514s1958 fr u000 u fre u 035 $a10186323 040 $aPUL(R)$bita 130 0 $aBible.$pO.T.$pMicah.$lFrench.$f1958.$0(OLS)http://pul/title/10477 245 10$aMichée, Sophonie, Nahum /$ctraduits par Augustin George, S.M. 250 $a2e éd. revue. 260 $aParis :$bLes Éditions du Cerf,$c1958. 300 $a94 p. :$bmap. ;$c19 cm 490 1 $aLa Sainte Bible traduite en français sous la direction de l'Ecole biblique de Jérusalem 700 1 $aGeorge, Augustin,$cS.M.$0(OLS)http://pul/name/7250 730 02$aBiblia.$pV.T.$pSophonias.$lFrancese.$f1958.$0(OLS)http://pul/title/10479 730 02$aBiblia.$pV.T.$pNahum.$lFrancese.$f1958.$0(OLS)http://pul/title/10480 830 3$aLa Sainte Bible traduite en français sous la direction de l'Ecole biblique de Jérusalem.$0(OLS)http://pul/title/4683 850 $aPUL 852 $aPUL$W1$xDP1 Fondo Ciprotti$y59$m1533 F 15$j10068$nBK-PRI$b $qFondi$B10068$CPULBib$Z2$F10068 $H $81 941 1 $a1 961 $aINV: Fondo Ciprotti 996 $6245$aMichée, Sophonie, Nahum$9(OLS)http://pul/title/10478 996 $6260$aParis :$bLes Éditions du Cerf$9(OLS)http://pul/publisher/47861